[Event "4th ch-Asia"]
[Site "Doha QAT"]
[Date "2003.02.23"]
[Round "2"]
[White "Zagrebelny, S."]
[Black "Kakageldyev, A."]
[Result "1-0"]
[WhiteElo "2540"]
[BlackElo "2469"]
[PlyCount "57"]
[EventDate "2003.02.22"]
[SourceDate "2003.03.03"]

1. e4 g6 2. d4 Bg7 3. Nf3 d6 4. Bd3 Nf6 5. O-O O-O 6. c3 Nh5 7. Re1 e5 8. h3
Nc6 9. Be3 h6 10. Na3 a6 11. Nc2 Qf6 12. Bf1 Nf4 13. Kh2 g5 14. g3 Nxh3 15.
Bxh3 g4 16. Nxe5 gxh3 17. Nd3 Qg6 18. Bd2 f5 19. Nf4 Qf7 20. exf5 Bxf5 21. Ne3
Bd7 22. Nxh3 Qe6 23. g4 h5 24. f4 hxg4 25. Ng5 Qh6+ 26. Kg3 Rxf4 27. Qb3+ Kf8
28. Rf1 Rxf1 29. Rxf1+ 1-0

[Event "4th ch-Asia"]
[Site "Doha QAT"]
[Date "2003.02.23"]
[Round "2"]
[White "Issa, R."]
[Black "Sadvakasov, D."]
[Result "1/2-1/2"]
[WhiteElo "2331"]
[BlackElo "2523"]
[PlyCount "244"]
[EventDate "2003.02.22"]
[SourceDate "2003.03.03"]

1. e4 c5 2. b3 Nc6 3. Bb2 d6 4. Nf3 e5 5. Bb5 Nf6 6. Nc3 g6 7. Qe2 Bd7 8. Nd5
Bg7 9. Nxf6+ Qxf6 10. O-O O-O 11. h3 Qe7 12. d3 a6 13. Bxc6 Bxc6 14. c4 f5 15.
Nh2 f4 16. Bc3 a5 17. a4 Bd7 18. f3 h5 19. Qe1 b6 20. Kf2 Qh4+ 21. Kg1 Qg5 22.
Kh1 Kf7 23. Ra2 Qe7 24. Qd1 Rh8 25. Kg1 Rag8 26. Be1 Qg5 27. Kh1 Bf6 28. Rg1
Qh6 29. Rf1 g5 30. Ng4 Qg6 31. Qe2 Be7 32. Kg1 Rh7 33. Kh2 Qe6 34. Kg1 Rgh8 35.
Nh2 Ke8 36. Qd1 g4 37. fxg4 Qg8 38. g5 Bxg5 39. Kh1 Be7 40. Nf3 h4 41. Ng1 Rg7
42. Qf3 Qh7 43. Ne2 Rhg8 44. Ng1 Be6 45. Qd1 Rg6 46. Rf3 Bf7 47. Raf2 Rh6 48.
Qe2 Bh5 49. Qf1 Rhg6 50. Rb2 Bd8 51. Ra2 Qd7 52. Rb2 Be7 53. Ra2 Kd8 54. Rb2
Bf6 55. Rc2 Kc7 56. Ra2 Qg7 57. Rc2 Be7 58. Ra2 Kb7 59. Rc2 Rh6 60. Ra2 Rg6 61.
Rc2 Kc6 62. Ra2 Kd7 63. Rc2 Qf7 64. Ra2 Qe6 65. Kh2 Ra8 66. Kh1 Rgg8 67. Bf2
Ra7 68. Kh2 Bd8 69. Qd1 Kc8 70. Qf1 Rag7 71. Be1 Rg3 72. Rc2 R8g7 73. Ra2 Qh6
74. Rc2 Rxf3 75. Nxf3 Rg3 76. Rf2 Qg6 77. Kh1 Be7 78. Qe2 Qe6 79. Rf1 Rg8 80.
Kh2 Be8 81. Kh1 Qh6 82. Ng1 Kc7 83. Rf3 Bh5 84. Kh2 Ra8 85. Bf2 Qe6 86. Qd1 Kb7
87. Be1 Qg6 88. Bf2 Kc7 89. Be1 Kd7 90. Qc2 Rg8 91. Qe2 Bf6 92. Qc2 Ra8 93. Rf1
Rg8 94. Nf3 Qh6 95. Qe2 Bf7 96. Kh1 Ra8 97. Qc2 Be7 98. Kh2 Be6 99. Kh1 Rg8
100. Ng1 Kc7 101. Qe2 Kb7 102. Rf3 Qh5 103. Rf2 Qe8 104. Rf3 Qd7 105. Qc2 Bd8
106. Kh2 Bf7 107. Rf1 Be6 108. Rf3 Qh7 109. Qe2 Bd7 110. Rf1 Bc7 111. Nf3 Bd8
112. Qf2 Qh5 113. Qe2 Be8 114. Qf2 Bf7 115. Qe2 Be7 116. Qc2 Qh6 117. Qe2 Be6
118. Qf2 Rg3 119. Qd2 Bg5 120. Kg1 Be7 121. Bxg3 hxg3 122. Qe2 Bf7 1/2-1/2

[Event "4th ch-Asia"]
[Site "Doha QAT"]
[Date "2003.02.23"]
[Round "2"]
[White "Kunte, A."]
[Black "Saleh, Nab"]
[Result "1/2-1/2"]
[WhiteElo "2507"]
[BlackElo "2324"]
[PlyCount "44"]
[EventDate "2003.02.22"]
[SourceDate "2003.03.03"]

1. e4 c6 2. d4 d5 3. exd5 cxd5 4. c4 Nf6 5. Nc3 e6 6. Nf3 Bb4 7. cxd5 Nxd5 8.
Qc2 Nc6 9. Bd3 h6 10. O-O O-O 11. a3 Bd6 12. Ne4 Bc7 13. Rd1 Nce7 14. Ng3 Nf6
15. Qe2 Bd7 16. Ne4 Nf5 17. Ng3 Nxg3 18. hxg3 Ba4 19. Re1 Bc6 20. Ne5 Qd5 21.
Nxc6 Qxc6 22. Be3 Rac8 1/2-1/2

[Event "4th ch-Asia"]
[Site "Doha QAT"]
[Date "2003.02.23"]
[Round "2"]
[White "Kayumov, S."]
[Black "Hilwani, T."]
[Result "1-0"]
[WhiteElo "2479"]
[BlackElo "2291"]
[PlyCount "75"]
[EventDate "2003.02.22"]
[SourceDate "2003.03.03"]

1. e4 e5 2. Nf3 Nf6 3. Nxe5 d6 4. Nf3 Nxe4 5. Nc3 Nxc3 6. dxc3 Be7 7. Bf4 O-O
8. Qd2 Nd7 9. O-O-O Nc5 10. Be3 Re8 11. Bc4 Be6 12. Bxe6 Nxe6 13. h4 Bf8 14. h5
h6 15. g4 Be7 16. Rdg1 Bg5 17. Nxg5 Nxg5 18. Bxg5 hxg5 19. h6 Qf6 20. hxg7 Kxg7
21. Rh5 Re5 22. Rgh1 Rae8 23. Rh7+ Kg8 24. b3 Re1+ 25. Rxe1 Rxe1+ 26. Qxe1 Qf4+
27. Kb2 Kxh7 28. Qh1+ Kg7 29. Qxb7 Qxf2 30. Qxc7 Qf4 31. Qxa7 Qxg4 32. a4 Qd1
33. a5 g4 34. a6 g3 35. Qe3 Qg4 36. a7 g2 37. a8=Q g1=Q 38. Qe7 1-0

[Event "4th ch-Asia"]
[Site "Doha QAT"]
[Date "2003.02.23"]
[Round "2"]
[White "Thipsay, P."]
[Black "Abu Sufian, S."]
[Result "1-0"]
[WhiteElo "2465"]
[BlackElo "2226"]
[PlyCount "48"]
[EventDate "2003.02.22"]
[SourceDate "2003.03.03"]

1. e4 c5 2. Nf3 d6 3. d4 cxd4 4. Nxd4 Nf6 5. Nc3 g6 6. Be2 Bg7 7. O-O Nc6 8.
Be3 O-O 9. Nb3 Be6 10. f4 Qc8 11. Kh1 Rd8 12. Bg1 Bg4 13. Qe1 Bxe2 14. Qxe2 Qg4
15. Rf3 e5 16. Qf1 exf4 17. Rxf4 Qe6 18. Re1 Nh5 19. Rf2 Be5 20. Rf3 Nf6 21.
Nb5 Rac8 22. c3 a6 23. N5d4 Bxd4 24. Nxd4 Nxd4 1-0

[Event "4th ch-Asia"]
[Site "Doha QAT"]
[Date "2003.02.23"]
[Round "2"]
[White "Ahmed, SN."]
[Black "Safin, S."]
[Result "0-1"]
[WhiteElo "2309"]
[BlackElo "2529"]
[PlyCount "90"]
[EventDate "2003.02.22"]
[SourceDate "2003.03.03"]

1. e4 e5 2. Nf3 Nc6 3. d4 exd4 4. Nxd4 Nf6 5. Nxc6 bxc6 6. e5 Qe7 7. Qe2 Nd5 8.
c4 Ba6 9. b3 O-O-O 10. Bb2 f6 11. exf6 Nxf6 12. Qxe7 Bxe7 13. Be2 d5 14. Nd2
Bc5 15. O-O Rhe8 16. Bf3 dxc4 17. Nxc4 Ne4 18. Bxe4 Rxe4 19. Bxg7 Bxc4 20. bxc4
Rd2 21. Bh6 Rc2 22. Be3 Bxe3 23. fxe3 Rxe3 24. Rf8+ Kb7 25. Rb1+ Ka6 26. Rf2
Rxc4 27. Rf7 h5 28. Rxc7 Re2 29. h3 Rcc2 30. Rg7 Rxa2 31. Kh1 Reb2 32. Rc1 Kb6
33. Rc4 Ra5 34. Rg6 Rc5 35. Rxc5 Kxc5 36. Rg5+ Kb4 37. Rxh5 a5 38. Rh6 Rc2 39.
Rh8 Rc5 40. Rb8+ Rb5 41. Rc8 c5 42. g4 a4 43. g5 a3 44. Ra8 Ra5 45. Rb8+ Kc3
0-1

[Event "4th ch-Asia"]
[Site "Doha QAT"]
[Date "2003.02.23"]
[Round "2"]
[White "Al Sayed, Mohamad"]
[Black "Al Zendani, Z."]
[Result "1-0"]
[WhiteElo "2431"]
[BlackElo "2313"]
[PlyCount "76"]
[EventDate "2003.02.22"]
[SourceDate "2003.03.03"]

1. e4 c6 2. d4 d5 3. Nd2 dxe4 4. Nxe4 Bf5 5. Ng3 Bg6 6. h4 h6 7. Nf3 Nf6 8. Ne5
Bh7 9. Bd3 Bxd3 10. Qxd3 e6 11. Bd2 Nbd7 12. f4 Be7 13. O-O-O O-O 14. Qf3 Qc7
15. Ne2 h5 16. g4 Nxe5 17. fxe5 Nxg4 18. Nf4 g6 19. Rdg1 Rfd8 20. Qe4 c5 21.
Nxe6 Qc6 22. Qxc6 bxc6 23. Nxd8 Rxd8 24. dxc5 Bxc5 25. Re1 Re8 26. Bc3 Bf2 27.
Re4 Re6 28. Rh3 f6 29. Rb4 Nxe5 30. Rb7 Nf7 31. Rf3 Bxh4 32. Rxa7 Bg5+ 33. Kd1
Be3 34. Rc7 Bg5 35. a4 Ne5 36. Bxe5 Rxe5 37. Rd3 f5 38. Rdd7 f4 1-0

[Event "4th ch-Asia"]
[Site "Doha QAT"]
[Date "2003.02.23"]
[Round "2"]
[White "Altanoch, G."]
[Black "Sundararajan, K."]
[Result "0-1"]
[WhiteElo "2284"]
[BlackElo "2416"]
[PlyCount "54"]
[EventDate "2003.02.22"]
[SourceDate "2003.03.03"]

1. d4 Nf6 2. c4 e6 3. Nc3 Bb4 4. e3 O-O 5. Nge2 d5 6. a3 Be7 7. Ng3 c5 8. Be2
cxd4 9. exd4 dxc4 10. Bxc4 Nbd7 11. O-O Nb6 12. Ba2 Bd7 13. Nce4 Bc6 14. Ng5
Bd5 15. Bb1 Rc8 16. Re1 Bd6 17. Nh5 Rxc1 18. Nxf6+ gxf6 19. Bxh7+ Kg7 20. Nxe6+
fxe6 21. Rxc1 Kxh7 22. Rc3 Kg7 23. f4 Rh8 24. Qg4+ Kf7 25. Rg3 Qg8 26. Qe2 Qh7
27. Rh3 Qxh3 0-1

[Event "4th ch-Asia"]
[Site "Doha QAT"]
[Date "2003.02.23"]
[Round "2"]
[White "Sadykov, R."]
[Black "Jasim, A."]
[Result "1/2-1/2"]
[WhiteElo "2412"]
[BlackElo "2278"]
[PlyCount "95"]
[EventDate "2003.02.22"]
[SourceDate "2003.03.03"]

1. e4 g6 2. d4 Bg7 3. Nf3 d6 4. c4 e5 5. dxe5 dxe5 6. Qxd8+ Kxd8 7. Nc3 Bg4 8.
Ng5 Nh6 9. h3 Bd7 10. Be3 f6 11. Nf3 Nc6 12. O-O-O Kc8 13. Nd5 Nf7 14. c5 Re8
15. b4 Ncd8 16. Bc4 c6 17. Nc3 Be6 18. Nd2 Bxc4 19. Nxc4 Ne6 20. Ne2 Kc7 21. h4
Rad8 22. h5 Rxd1+ 23. Rxd1 f5 24. Rh1 f4 25. hxg6 hxg6 26. Bd2 Neg5 27. f3 b5
28. cxb6+ axb6 29. Bc3 Bf8 30. Kc2 b5 31. Nb2 Ra8 32. Kb3 Rd8 33. Nc1 c5 34.
bxc5 Bxc5 35. Ncd3 Bd4 36. Ba5+ Bb6 37. Kb4 Bxa5+ 38. Kxa5 Ra8+ 39. Kxb5 Rxa2
40. Rc1+ Kd7 41. Nc5+ Ke7 42. Nca4 Ra3 43. Kb4 Re3 44. Nc3 Ke6 45. Rd1 Nd6 46.
Nd3 Ngxe4 47. fxe4 Nxe4 48. Nxe4 1/2-1/2

[Event "4th ch-Asia"]
[Site "Doha QAT"]
[Date "2003.02.23"]
[Round "2"]
[White "Mohammadi, H."]
[Black "Neelotpal, D."]
[Result "0-1"]
[WhiteElo "2250"]
[BlackElo "2406"]
[PlyCount "78"]
[EventDate "2003.02.22"]
[SourceDate "2003.03.03"]

1. e4 c5 2. Nf3 d6 3. Bc4 Nf6 4. d3 Nc6 5. c3 e6 6. Bb3 Be7 7. O-O b5 8. Re1
Bb7 9. d4 O-O 10. Nbd2 cxd4 11. cxd4 a5 12. a3 Rc8 13. Bc2 a4 14. Nb1 d5 15. e5
Ne4 16. Nbd2 Nxd2 17. Bxd2 Na5 18. Qb1 h6 19. Qd1 Re8 20. Bc1 Bf8 21. Qd3 g6
22. h4 Qc7 23. Re2 Qc4 24. Bf4 Ba6 25. Qe3 b4 26. Rd2 bxa3 27. bxa3 Qc6 28.
Bxh6 Nc4 29. Qg5 Be7 30. Qg4 Nxd2 31. Bxg6 Nxf3+ 32. gxf3 Kh8 33. h5 Rg8 34.
Bg5 fxg6 35. Kh2 Qe8 36. Qh4 Bxg5 37. Qxg5 Qf7 38. Rg1 Rgf8 39. hxg6 Qf4+ 0-1

[Event "4th ch-Asia"]
[Site "Doha QAT"]
[Date "2003.02.23"]
[Round "2"]
[White "Annaberdiev, M."]
[Black "Janahi, Z."]
[Result "1-0"]
[WhiteElo "2405"]
[BlackElo "2245"]
[PlyCount "100"]
[EventDate "2003.02.22"]
[SourceDate "2003.03.03"]

1. d4 d5 2. Nf3 Nf6 3. e3 c5 4. Nbd2 Nbd7 5. b3 e6 6. Bb2 cxd4 7. exd4 Qa5 8.
a3 Ne4 9. Bd3 f5 10. O-O Bd6 11. c4 Qd8 12. b4 O-O 13. cxd5 exd5 14. Qb3 Ndf6
15. Rad1 Kh8 16. Ne5 Be6 17. h3 Nxd2 18. Rxd2 Nd7 19. Bb1 a5 20. b5 a4 21. Qd3
Qb6 22. Kh1 Ra5 23. Bc2 Bxe5 24. dxe5 Nc5 25. Bd4 Qxb5 26. Bxc5 Qxc5 27. Rb1 b5
28. Bd1 Qc4 29. Be2 Qxd3 30. Bxd3 Rc8 31. Rc2 Rxc2 32. Bxc2 Kg8 33. Bd3 Bd7 34.
Rb4 Kf7 35. Kg1 Ke6 36. f4 Bc6 37. Kf2 h6 38. Ke3 g5 39. g3 Ra7 40. Bxb5 gxf4+
41. gxf4 Bxb5 42. Rxb5 Rc7 43. Rb6+ Ke7 44. Kd4 Rc4+ 45. Kxd5 Rxf4 46. Rb7+ Kf8
47. Ke6 Rf3 48. Kf6 Rb3 49. Ra7 Ke8 50. e6 Rb8 1-0

[Event "4th ch-Asia"]
[Site "Doha QAT"]
[Date "2003.02.23"]
[Round "2"]
[White "De Silva, N."]
[Black "Turpanov, M."]
[Result "0-1"]
[WhiteElo "2243"]
[BlackElo "2351"]
[PlyCount "60"]
[EventDate "2003.02.22"]
[SourceDate "2003.03.03"]

1. e4 c5 2. Nf3 d6 3. d4 cxd4 4. Nxd4 Nf6 5. Nc3 a6 6. Bg5 e6 7. f4 Nbd7 8. Qf3
Qc7 9. O-O-O b5 10. g4 b4 11. Nce2 Bb7 12. Ng3 Be7 13. Bxf6 Nxf6 14. g5 Nd7 15.
Nh5 O-O 16. f5 Bxg5+ 17. Kb1 Bh6 18. Rg1 Kh8 19. Bd3 e5 20. f6 g6 21. Nf5 gxf5
22. Rg7 f4 23. Qh3 Rg8 24. Rxf7 Raf8 25. Rg7 Bc8 26. Rxg8+ Rxg8 27. f7 Rg6 28.
Qh4 Nf8 29. Be2 Qxf7 30. Qd8 Be6 0-1

[Event "4th ch-Asia"]
[Site "Doha QAT"]
[Date "2003.02.23"]
[Round "2"]
[White "Al Tamimi, H."]
[Black "Nezad, H."]
[Result "0-1"]
[WhiteElo "2182"]
[BlackElo "2334"]
[PlyCount "82"]
[EventDate "2003.02.22"]
[SourceDate "2003.03.03"]

1. e4 c5 2. Nf3 Nc6 3. Bb5 g6 4. Bxc6 bxc6 5. O-O Bg7 6. c3 Nh6 7. d4 cxd4 8.
cxd4 f6 9. b3 Nf7 10. Bb2 O-O 11. Nc3 d6 12. h3 Qa5 13. Qc2 Bd7 14. Na4 Qh5 15.
Qd3 Rab8 16. Rfe1 Kh8 17. Rad1 c5 18. Nc3 c4 19. Qxc4 Bxh3 20. Qd3 Bg4 21. Rc1
Bh6 22. Rc2 Rfc8 23. Nh2 Be6 24. Rce2 Bf4 25. g3 Bh6 26. f4 Bg7 27. d5 Bd7 28.
Nf1 Nh6 29. Nd1 Bb5 30. Qe3 Bxe2 31. Rxe2 Rb7 32. Qd2 Rbc7 33. Nde3 Ng4 34. Nc4
Kg8 35. Bd4 g5 36. Nfe3 gxf4 37. gxf4 Nxe3 38. Bxe3 Qg6+ 39. Rg2 Qxe4 40. Qe2
Kh8 41. Qg4 Rg8 0-1

[Event "4th ch-Asia"]
[Site "Doha QAT"]
[Date "2003.02.24"]
[Round "3"]
[White "Sasikiran, K."]
[Black "Zagrebelny, S."]
[Result "1/2-1/2"]
[WhiteElo "2664"]
[BlackElo "2540"]
[PlyCount "68"]
[EventDate "2003.02.22"]
[SourceDate "2003.03.03"]

1. d4 Nf6 2. c4 e6 3. Nc3 Bb4 4. Qc2 c5 5. dxc5 O-O 6. a3 Bxc5 7. Nf3 b6 8. Bf4
Nh5 9. Bg3 Bb7 10. e3 h6 11. Rd1 Be7 12. Be2 Nc6 13. Bd6 Bxd6 14. Rxd6 Qe7 15.
Rd2 Nf6 16. O-O Rac8 17. b4 Rfd8 18. Rfd1 d6 19. h3 a6 20. e4 Qc7 21. Qd3 Ne7
22. Qe3 Ng6 23. e5 Ne8 24. Na4 Bxf3 25. exd6 Nxd6 26. Qxf3 Nxc4 27. Rxd8+ Rxd8
28. Rc1 b5 29. Nc5 Nge5 30. Qc3 Qc6 31. a4 Rd2 32. Bf1 Rd5 33. Nxa6 Qxa6 34.
axb5 Qxb5 1/2-1/2

[Event "4th ch-Asia"]
[Site "Doha QAT"]
[Date "2003.02.24"]
[Round "3"]
[White "Villamayor, B."]
[Black "Rahman, Zia"]
[Result "1/2-1/2"]
[WhiteElo "2489"]
[BlackElo "2542"]
[PlyCount "80"]
[EventDate "2003.02.22"]
[SourceDate "2003.03.03"]

1. d4 e6 2. Nf3 c5 3. g3 b5 4. Bg2 Bb7 5. O-O Nf6 6. c3 Na6 7. Bg5 Be7 8. Nbd2
O-O 9. Re1 h6 10. Bxf6 Bxf6 11. a3 Qb6 12. e3 Rfd8 13. Qb1 d6 14. Ne4 Be7 15.
Rd1 Rac8 16. b4 cxb4 17. cxb4 Rd7 18. Ne1 Rdc7 19. Qb2 Bd5 20. Nd2 Bxg2 21.
Kxg2 Rc3 22. Kg1 Nb8 23. Rac1 Qc7 24. Nd3 Bf8 25. Nb3 Nd7 26. Rxc3 Qxc3 27. Rc1
Qxb2 28. Nxb2 Rxc1+ 29. Nxc1 f5 30. Ne2 Nb6 31. Nc3 a6 32. a4 bxa4 33. Nbxa4
Nxa4 34. Nxa4 g5 35. Kf1 Kf7 36. Ke2 e5 37. Nc3 exd4 38. exd4 Ke6 39. b5 axb5
40. Nxb5 g4 1/2-1/2

[Event "4th ch-Asia"]
[Site "Doha QAT"]
[Date "2003.02.24"]
[Round "3"]
[White "Paragua, M."]
[Black "Kotsur, P."]
[Result "1/2-1/2"]
[WhiteElo "2506"]
[BlackElo "2586"]
[PlyCount "45"]
[EventDate "2003.02.22"]
[SourceDate "2003.03.03"]

1. e4 e5 2. Nf3 Nc6 3. d4 exd4 4. Nxd4 Bc5 5. Nxc6 Qf6 6. Qd2 dxc6 7. Nc3 Qe7
8. Qg5 f6 9. Qg3 Bd6 10. f4 Nh6 11. Be2 Bd7 12. Be3 b6 13. O-O O-O-O 14. a4 a5
15. Rad1 Kb7 16. Rfe1 Rhg8 17. Bf3 g5 18. Nb5 Bc5 19. Bxc5 Qxc5+ 20. Nd4 gxf4
21. Qxf4 Ng4 22. Be2 Bc8 23. c3 1/2-1/2

[Event "4th ch-Asia"]
[Site "Doha QAT"]
[Date "2003.02.24"]
[Round "3"]
[White "Thipsay, P."]
[Black "Adianto, U."]
[Result "1/2-1/2"]
[WhiteElo "2465"]
[BlackElo "2562"]
[PlyCount "76"]
[EventDate "2003.02.22"]
[SourceDate "2003.03.03"]

1. e4 c6 2. d4 d5 3. Nd2 dxe4 4. Nxe4 Nd7 5. Bc4 Ngf6 6. Nxf6+ Nxf6 7. c3 g6 8.
Nf3 Bg7 9. O-O O-O 10. Bf4 Nd5 11. Be5 Bg4 12. Bxg7 Kxg7 13. h3 Bxf3 14. Qxf3
e6 15. Rfe1 Qf6 16. Bxd5 cxd5 17. Qd3 a6 18. a4 Rac8 19. a5 Rc6 20. Qg3 Qd8 21.
h4 Qc7 22. Qf3 h5 23. Re5 b6 24. axb6 Rxb6 25. b4 Rc6 26. Re3 Rc8 27. Ra3 Rb8
28. g3 Rb5 29. Qe2 Rbb6 30. Rf3 Rc4 31. Qd2 e5 32. dxe5 Qxe5 33. Ra5 Rd6 34.
Rd3 Qf6 35. Raxd5 Rxd5 36. Rxd5 Qxc3 37. Qxc3+ Rxc3 38. Ra5 Rc4 1/2-1/2

[Event "4th ch-Asia"]
[Site "Doha QAT"]
[Date "2003.02.24"]
[Round "3"]
[White "Barua, D."]
[Black "Issa, R."]
[Result "1-0"]
[WhiteElo "2541"]
[BlackElo "2331"]
[PlyCount "87"]
[EventDate "2003.02.22"]
[SourceDate "2003.03.03"]

1. e4 e5 2. Nf3 Nc6 3. Bc4 Nf6 4. d3 Be7 5. O-O d6 6. c3 O-O 7. Bb3 Bg4 8. h3
Bh5 9. Re1 Nd7 10. Nbd2 Nc5 11. Bc2 Ne6 12. Nf1 Bg5 13. Ng3 Bxf3 14. Qxf3 Bxc1
15. Raxc1 Qg5 16. Nf5 g6 17. Ne3 Kg7 18. g3 Qd8 19. Rcd1 Ng5 20. Qg2 Qf6 21.
Rf1 Ne6 22. f4 Qd8 23. f5 Nc5 24. f6+ Kh8 25. d4 Nd7 26. d5 Ncb8 27. Ng4 a5 28.
Qd2 Na6 29. Kg2 Rg8 30. Nh6 Rf8 31. Qg5 Nac5 32. h4 a4 33. Rf2 Ra6 34. h5 Rb6
35. Rb1 c6 36. b4 axb3 37. axb3 cxd5 38. exd5 e4 39. Rh1 Ne5 40. Ng4 Nxg4 41.
hxg6 fxg6 42. Qxg6 Rf7 43. Qxf7 Qg8 44. Rxh7+ 1-0

[Event "4th ch-Asia"]
[Site "Doha QAT"]
[Date "2003.02.24"]
[Round "3"]
[White "Sadvakasov, D."]
[Black "Hossain, Enam"]
[Result "1-0"]
[WhiteElo "2523"]
[BlackElo "2451"]
[PlyCount "105"]
[EventDate "2003.02.22"]
[SourceDate "2003.03.03"]

1. e4 c5 2. Nf3 Nc6 3. d4 cxd4 4. Nxd4 Nf6 5. Nc3 e5 6. Ndb5 d6 7. Bg5 a6 8.
Na3 b5 9. Bxf6 gxf6 10. Nd5 f5 11. Bd3 Be6 12. O-O Bxd5 13. exd5 Ne7 14. c3 Bg7
15. Qh5 e4 16. Be2 O-O 17. Nc2 f4 18. f3 b4 19. Nxb4 a5 20. Nc6 Nxc6 21. dxc6
Qb6+ 22. Kh1 Qxb2 23. fxe4 Rac8 24. Qb5 Qxb5 25. Bxb5 Bxc3 26. Rac1 Be5 27. Bc4
d5 28. Bxd5 Rb8 29. g3 fxg3 30. Rf5 g2+ 31. Kxg2 Rb2+ 32. Kf3 Bc7 33. Rg1+ Kh8
34. Rxf7 Rxf7+ 35. Bxf7 Rb8 36. Be6 Rf8+ 37. Bf5 Rf6 38. Rc1 Kg7 39. h3 Kf8 40.
Kg4 h6 41. e5 Rf7 42. e6 Rg7+ 43. Kf3 Ke7 44. Rd1 Bd6 45. Ke4 Bc7 46. a4 Kf6
47. Bg4 Bh2 48. Rf1+ Ke7 49. Rf5 Bc7 50. Kd5 Bb6 51. Rf7+ Rxf7 52. exf7 Bc7 53.
Bh5 1-0

[Event "4th ch-Asia"]
[Site "Doha QAT"]
[Date "2003.02.24"]
[Round "3"]
[White "Al Marri, O."]
[Black "Dzhumaev, M."]
[Result "1/2-1/2"]
[WhiteElo "2098"]
[BlackElo "2507"]
[PlyCount "55"]
[EventDate "2003.02.22"]
[SourceDate "2003.03.03"]

1. e4 g6 2. d4 Bg7 3. Nc3 c6 4. Be3 d6 5. Qd2 b5 6. Bd3 Nd7 7. Nf3 Qc7 8. a4 b4
9. Ne2 Rb8 10. O-O Ngf6 11. h3 e5 12. dxe5 dxe5 13. c3 b3 14. Ng3 O-O 15. Bc4
c5 16. Rfd1 Bb7 17. Qd6 Qc8 18. Bxb3 Ba6 19. Ba2 Rxb2 20. Nxe5 Rb6 21. Qe7 Nxe5
22. Qxe5 Ng4 23. Qxc5 Rc6 24. Qxa7 Rc7 25. Qb6 Rc6 26. Qa7 Rc7 27. Qb6 Rc6 28.
Qa7 1/2-1/2

[Event "4th ch-Asia"]
[Site "Doha QAT"]
[Date "2003.02.24"]
[Round "3"]
[White "Dao Thien Hai"]
[Black "Sharavdorj, D."]
[Result "1-0"]
[WhiteElo "2560"]
[BlackElo "2438"]
[PlyCount "103"]
[EventDate "2003.02.22"]
[SourceDate "2003.03.03"]

1. d4 Nf6 2. c4 g6 3. Nc3 Bg7 4. e4 d6 5. f3 O-O 6. Nge2 c5 7. d5 e6 8. Bg5 h6
9. Be3 exd5 10. cxd5 Nbd7 11. Qd2 Ne5 12. Nc1 Re8 13. Be2 Nh5 14. Nb3 f5 15.
O-O-O fxe4 16. Nxe4 Nf7 17. g4 Nf6 18. Nc3 a6 19. h4 b5 20. g5 b4 21. Na4 Nh5
22. gxh6 Rxe3 23. hxg7 Qe8 24. Bc4 Bf5 25. Naxc5 dxc5 26. d6 Kxg7 27. Rhe1 Rxe1
28. Rxe1 Qc6 29. Bd5 Qa4 30. Bxa8 Qxa2 31. Be4 Bxe4 32. Rxe4 Qxb3 33. d7 Nf6
34. Re7 Qc4+ 35. Kb1 Nxd7 36. Rxd7 Qe6 37. Qd5 Qe8 38. Rc7 b3 39. Rxc5 Qa4 40.
Qe4 Qa2+ 41. Kc1 Qa1+ 42. Qb1 Qa4 43. Rc3 Ne5 44. Kd1 Nc4 45. Ke2 Qe8+ 46. Qe4
Qxe4+ 47. fxe4 Nxb2 48. Rxb3 Nc4 49. Kd3 Ne5+ 50. Kd4 Nf7 51. Rb7 Kf6 52. Rb6+
1-0

[Event "4th ch-Asia"]
[Site "Doha QAT"]
[Date "2003.02.24"]
[Round "3"]
[White "Wu Shaobin"]
[Black "Isaev, J."]
[Result "1/2-1/2"]
[WhiteElo "2545"]
[BlackElo "2438"]
[PlyCount "49"]
[EventDate "2003.02.22"]
[SourceDate "2003.03.03"]

1. d4 Nf6 2. c4 g6 3. g3 Bg7 4. Bg2 d5 5. cxd5 Nxd5 6. Nf3 O-O 7. O-O Nb6 8.
Nc3 Nc6 9. e3 e5 10. d5 Na5 11. e4 c6 12. Bg5 f6 13. Be3 cxd5 14. Bxb6 Qxb6 15.
Nxd5 Qd8 16. Qa4 Bd7 17. Qb4 Rf7 18. Rfd1 Bf8 19. Qe1 Nc6 20. Rac1 Bh6 21. Rc3
Bg4 22. Ne3 Rd7 23. Rxd7 Qxd7 24. Nxg4 Qxg4 25. Qe2 1/2-1/2

[Event "4th ch-Asia"]
[Site "Doha QAT"]
[Date "2003.02.24"]
[Round "3"]
[White "Safin, S."]
[Black "Al Sayed, Mohamad"]
[Result "1-0"]
[WhiteElo "2529"]
[BlackElo "2431"]
[PlyCount "99"]
[EventDate "2003.02.22"]
[SourceDate "2003.03.03"]

1. d4 d5 2. c4 c6 3. Nf3 Nf6 4. Qc2 dxc4 5. Qxc4 Bf5 6. g3 Nbd7 7. Bg2 Nb6 8.
Qb3 Qd5 9. Nbd2 Qxb3 10. Nxb3 e6 11. O-O Be4 12. Bg5 h6 13. Bxf6 gxf6 14. Nbd2
Bxf3 15. Bxf3 f5 16. e3 Nd5 17. Rfc1 Bd6 18. Nc4 Bc7 19. Kf1 Ke7 20. Ke2 Rhd8
21. h3 f6 22. Rd1 e5 23. dxe5 fxe5 24. g4 f4 25. Be4 fxe3 26. fxe3 Nf6 27. Bf5
Rd5 28. h4 Rg8 29. Rg1 e4 30. Nd2 Bh2 31. Rg2 Rxf5 32. Rxh2 Rxg4 33. Rc1 c5 34.
b4 cxb4 35. Rc7+ Kd6 36. Rxb7 Rg1 37. Rxb4 Rg4 38. Rd4+ Ke6 39. Ra4 a5 40. Nb3
Nd5 41. Nd4+ Ke5 42. Rxa5 Rf6 43. Kd2 Rg1 44. Ne2 Rg7 45. Nf4 Rd7 46. Ke1 Rxf4
47. exf4+ Kxf4 48. Rd2 Ke5 49. h5 Ke6 50. Rdxd5 1-0

[Event "4th ch-Asia"]
[Site "Doha QAT"]
[Date "2003.02.24"]
[Round "3"]
[White "Neelotpal, D."]
[Black "Torre, E."]
[Result "0-1"]
[WhiteElo "2406"]
[BlackElo "2519"]
[PlyCount "64"]
[EventDate "2003.02.22"]
[SourceDate "2003.03.03"]

1. e4 Nf6 2. e5 Nd5 3. d4 d6 4. c4 Nb6 5. exd6 exd6 6. Nc3 Be7 7. Qf3 O-O 8.
Be3 c6 9. O-O-O d5 10. c5 N6d7 11. g4 Nf6 12. h3 b6 13. cxb6 axb6 14. Bd3 b5
15. g5 Ne8 16. Bb1 Nd6 17. h4 Nc4 18. Nh3 Qa5 19. Rd2 b4 20. Ne2 b3 21. axb3
Nxd2 22. Bxd2 Qc7 23. Nhf4 Ra1 24. Nh5 Qd7 25. Neg3 g6 26. Nf6+ Bxf6 27. Qxf6
Qe6 28. Re1 Qxf6 29. gxf6 Ba6 30. Kc2 Nd7 31. Bg5 c5 32. Re7 cxd4 0-1

[Event "4th ch-Asia"]
[Site "Doha QAT"]
[Date "2003.02.24"]
[Round "3"]
[White "Turpanov, M."]
[Black "Kunte, A."]
[Result "0-1"]
[WhiteElo "2351"]
[BlackElo "2507"]
[PlyCount "88"]
[EventDate "2003.02.22"]
[SourceDate "2003.03.03"]

1. d4 Nf6 2. Nf3 e6 3. Bg5 h6 4. Bh4 c5 5. e3 Be7 6. Bd3 O-O 7. O-O b6 8. Re1
Bb7 9. dxc5 bxc5 10. e4 d6 11. Nbd2 Nc6 12. c3 Nh5 13. Bg3 Nxg3 14. hxg3 Qc7
15. Qe2 Rfd8 16. Rac1 Rac8 17. b4 Ne5 18. b5 Nxd3 19. Qxd3 c4 20. Qc2 Bf6 21.
Rb1 a6 22. a4 axb5 23. axb5 Qb6 24. Rb2 g6 25. Rc1 Rc5 26. Rb4 Rxb5 27. Nxc4
Qc5 28. Qb3 Ba6 29. Rxb5 Bxb5 30. Ne3 Bc6 31. Qb1 Rc8 32. Qd3 Bb7 33. c4 Ra8
34. Ng4 Bg7 35. Rb1 Ra3 36. Qe2 Bc6 37. Rb8+ Kh7 38. Rc8 Ra1+ 39. Kh2 Qh5+ 40.
Nh4 Qc5 41. Rc7 Ra7 42. Rxa7 Qxa7 43. Qd3 Qc5 44. Nf3 Qh5+ 0-1

[Event "4th ch-Asia"]
[Site "Doha QAT"]
[Date "2003.02.24"]
[Round "3"]
[White "Kostenko, P."]
[Black "Annaberdiev, M."]
[Result "1/2-1/2"]
[WhiteElo "2497"]
[BlackElo "2405"]
[PlyCount "45"]
[EventDate "2003.02.22"]
[SourceDate "2003.03.03"]

1. e4 d6 2. d4 Nf6 3. Nc3 g6 4. f4 Bg7 5. Nf3 O-O 6. Bd3 Na6 7. O-O c5 8. d5
Nc7 9. Qe1 b5 10. Bxb5 Nxb5 11. Nxb5 e6 12. dxe6 Bxe6 13. Qe2 Re8 14. Rd1 Bd5
15. e5 Qb6 16. Nxd6 Qxd6 17. Qf2 Qc6 18. exf6 Bxf6 19. c3 Re7 20. Re1 Rae8 21.
Bd2 Qb5 22. b3 Qd3 23. Ne5 1/2-1/2

[Event "4th ch-Asia"]
[Site "Doha QAT"]
[Date "2003.02.24"]
[Round "3"]
[White "Iuldachev, S."]
[Black "Kadhi, H."]
[Result "1-0"]
[WhiteElo "2487"]
[BlackElo "2334"]
[PlyCount "97"]
[EventDate "2003.02.22"]
[SourceDate "2003.03.03"]

1. e4 e6 2. Qe2 d5 3. d3 Nc6 4. Nf3 e5 5. c3 Nf6 6. Bg5 Be7 7. Qc2 h6 8. Bh4
Bg4 9. Nbd2 O-O 10. Be2 Re8 11. O-O Nh5 12. Bg3 Nxg3 13. fxg3 d4 14. Kh1 Be6
15. c4 b6 16. a3 a5 17. h3 Bf6 18. Nh2 Nb8 19. Bg4 Nd7 20. Rf3 Bg5 21. Raf1
Bxd2 22. Qxd2 f6 23. Bxe6+ Rxe6 24. g4 c6 25. h4 b5 26. Qc2 Rb8 27. c5 b4 28.
g5 hxg5 29. hxg5 bxa3 30. bxa3 Qe8 31. Rg3 fxg5 32. Qc4 Rb5 33. Nf3 Rxc5 34.
Qa2 Qf7 35. Kg1 Rf6 36. Qd2 Rc3 37. Rb1 Rxa3 38. Qxg5 Rxd3 39. Rb7 Kf8 40. Rh3
Kg8 41. Qh4 Rh6 42. Qd8+ Qf8 43. Qxd7 Rd1+ 44. Kf2 Rxh3 45. Qe6+ Kh8 46. Qxh3+
Kg8 47. Qe6+ Kh7 48. Rf7 Qd8 49. Qxe5 1-0